Pokémon les plus appréciés de la gen6 - Statistiques

Statistiques générales
  • Ce quiz a été pris 21 fois
  • Le résultat moyen est 21 sur 30
Statistiques - réponses
Hint Réponse % Correct
1 Amphinobi
100%
14 Feunnec
100%
30 Grenousse
100%
8 Yveltal
100%
16 Diancie
92%
17 Goupelin
92%
18 Roussil
92%
11 Xerneas
92%
6 Flambusard
85%
15 Zygarde
85%
12 Brutalibré
77%
4 Bruyverne
77%
7 Dedenne
77%
3 Exagide
77%
20 Hoopa
77%
5 Muplodocus
77%
10 Rexillius
69%
25 Desseliande
62%
23 Kravarech
62%
27 Brocélôme
54%
21 Dragmara
54%
29 Iguolta
54%
2 Nymphali
54%
26 Pandarbare
54%
22 Pandespiègle
54%
9 Mucuscule
46%
24 Pitrouille
46%
28 Sépiatroce
46%
13 Mistigrix
38%
19 Psystigri
38%
Aucun quiz correspondant
Distribution des résultats
% des personnes avec chaque résultat
Percentile par nombre de réponses
Votre historique - résultats
Vous n’avez pas pris ce quiz